| 000 | 01066nam a2200241 a 4500 | ||
|---|---|---|---|
| 001 | 000003022 | ||
| 005 | 20260520104305.0 | ||
| 008 | 090706s2008 dr a 000 0 spa d | ||
| 020 | _a9789945427424 | ||
| 040 |
_aDO-SdBNP _bspa _cBNPHU |
||
| 082 |
_a327.97293 _bM971L |
||
| 100 | 1 |
_aMuñoz, María Elena _97664 |
|
| 245 | 1 | 3 |
_aLa política internacional europea y sus efectos en la isla de Santo Domingo, siglos XVI-XIX / _cMaría Elena Muñoz ; editor Héctor Luis Martínez ; presentación Bolívar Troncoso Morales. |
| 260 |
_aSanto Domingo : _bInstituto Panamericano de Geografía e Historia. Sección Nacional de Dominicana, _c2008. |
||
| 300 |
_a241 p. : _bil. ; _c23 cm. |
||
| 500 | _aIncluye datos biográficos del autor en las solapas | ||
| 590 | _aInventariado, 2018/BT | ||
| 650 | 0 |
_aRelaciones internacionales _9399 |
|
| 651 | 4 |
_aRepublica Dominicana _xRelaciones Exteriores _yHISTORIA _99578 |
|
| 651 | 4 |
_aRepublica Dominicana _xPolitica Economica _yHISTORIA _99579 |
|
| 700 | 1 | 2 |
_aMartínez, Héctor Luis, _eed. _99580 |
| 910 | _aJornada de catalogación | ||
| 999 |
_c2854 _d2854 |
||